<?xml version="1.0" encoding="UTF-8"?><?xml-stylesheet type="text/xsl" href="static/style.xsl"?><OAI-PMH xmlns="http://www.openarchives.org/OAI/2.0/" xmlns:xsi="http://www.w3.org/2001/XMLSchema-instance" xsi:schemaLocation="http://www.openarchives.org/OAI/2.0/ http://www.openarchives.org/OAI/2.0/OAI-PMH.xsd"><responseDate>2026-06-02T11:02:08Z</responseDate><request verb="GetRecord" identifier="oai:riuma.uma.es:10630/30717" metadataPrefix="marc">https://riuma.uma.es/rest/oai/request</request><GetRecord><record><header><identifier>oai:riuma.uma.es:10630/30717</identifier><datestamp>2026-02-03T10:16:25Z</datestamp><setSpec>com_10630_1685</setSpec><setSpec>col_10630_38084</setSpec></header><metadata><record xmlns="http://www.loc.gov/MARC21/slim" xmlns:dcterms="http://purl.org/dc/terms/" xmlns:doc="http://www.lyncode.com/xoai" xmlns:xsi="http://www.w3.org/2001/XMLSchema-instance" xsi:schemaLocation="http://www.loc.gov/MARC21/slim http://www.loc.gov/standards/marcxml/schema/MARC21slim.xsd">
   <leader>00925njm 22002777a 4500</leader>
   <datafield ind2=" " ind1=" " tag="042">
      <subfield code="a">dc</subfield>
   </datafield>
   <datafield ind2=" " ind1=" " tag="720">
      <subfield code="a">González-Jurado, Deborah</subfield>
      <subfield code="e">author</subfield>
   </datafield>
   <datafield ind2=" " ind1=" " tag="260">
      <subfield code="c">2024</subfield>
   </datafield>
   <datafield ind2=" " ind1=" " tag="520">
      <subfield code="a">El documento al que nos acercamos es un documento gráfico, un mapa. Se nos facilita la fuente, que son los estudios del historiador italiano LIVI-BACCI, Massimo, titulados Fertility and Nuptiality, publicados por primera vez en 1968. Se trata de un mapa político mudo de la Península Ibérica, las islas Baleares y las islas Canarias. El mapa representa esquemáticamente los ríos y las fronteras con Francia, Andorra y Portugal. También se representan definidas por finas líneas intermitentes las provincias, así como las capitales de provincia, mediante puntos en el mapa. El punto de Madrid, y el punto de Lisboa, que señalan las capitales de nación en la Península Ibérica, están rodeados de un círculo, para distinguir éstas de las demás ciudades.</subfield>
   </datafield>
   <datafield ind1="8" ind2=" " tag="024">
      <subfield code="a">González-Jurado, Deborah (2024) Comentario de mapa: “Dinámica demográfica regional, 1797-1900”, en Fertility and Nuptiality (1968), de LIVI-BACCI, Máximo</subfield>
   </datafield>
   <datafield ind1="8" ind2=" " tag="024">
      <subfield code="a">https://hdl.handle.net/10630/30717</subfield>
   </datafield>
   <datafield tag="653" ind2=" " ind1=" ">
      <subfield code="a">España - Geografía histórica - Mapas</subfield>
   </datafield>
   <datafield ind2="0" ind1="0" tag="245">
      <subfield code="a">Comentario de mapa: “Dinámica demográfica regional, 1797-1900”, en Fertility and Nuptiality (1968), de LIVI-BACCI, Massimo</subfield>
   </datafield>
</record>
</metadata></record></GetRecord></OAI-PMH>